| 000 | 00431nam a22001697a 4500 | ||
|---|---|---|---|
| 003 | DO-SdBNP | ||
| 005 | 20171128105903.0 | ||
| 008 | 171128b fr||||| |||| 00| 0 spa d | ||
| 020 | _a2033201082 | ||
| 040 |
_aBPMSU _bfra _c1978 |
||
| 245 | _aPetit dictionnaire francais | ||
| 260 |
_aParis _bLibraire Larousse _c1978 |
||
| 300 |
_a748 p, _c16 cm |
||
| 942 |
_2ddc _cBK |
||
| 945 | _ainventariado extranjero / DG | ||
| 956 | _adgarcia | ||
| 999 |
_c13157 _d13157 |
||